[Event "Veneto-ch qf 65th"]
[Site "Arqua Petrarca"]
[Date "2005.05.08"]
[Round "3.28"]
[White "De Vries, Bernhard"]
[Black "Valerio, Gianluca"]
[Result "1-0"]
[WhiteElo "1592"]
[BlackElo "1718"]
[PlyCount "67"]
[EventDate "2005.05.07"]
[EventType "swiss"]
[EventRounds "6"]
[EventCountry "ITA"]
[SourceTitle "EXT 2024"]
[Source "ChessBase"]
[SourceDate "2023.10.10"]
[SourceVersion "1"]
[SourceVersionDate "2023.10.10"]
[SourceQuality "1"]

1. d4 g6 2. c4 Bg7 3. Nc3 d6 4. Nf3 c6 5. e4 Qc7 6. Be3 Nf6 7. Rc1 e5 8. d5 c5 9. Be2 0-0 10. 0-0 Bd7 11. a4 Na6 12. Nd2 Ne8 13. f4 f5 14. fxe5 Bxe5 15. Nf3 f4 16. Nxe5 dxe5 17. Bf2 Nd6 18. Nb5 Qb6 19. Bf3 Nb4 20. Be1 Bxb5 21. axb5 Rac8 22. Bg4 Rc7 23. Be6+ Kg7 24. Qe2 Kf6 25. g3 g5 26. gxf4 gxf4 27. Bh4+ Kg7 28. Kh1 Kh8 29. b3 Rg7 30. Rg1 Qc7 31. Qf3 b6 32. Rxg7 Qxg7 33. Rg1 Qc7 34. Bf6+ 1-0

[Event "Alta Padovana op-B 5th"]
[Site "Loreggia"]
[Date "2005.02.27"]
[Round "4"]
[White "Scarangella, Luca"]
[Black "De Vries, Bernhard"]
[Result "0-1"]
[WhiteElo "1497"]
[BlackElo "1604"]
[PlyCount "124"]
[EventDate "2005.02.25"]
[EventType "swiss"]
[EventRounds "5"]
[EventCountry "ITA"]
[SourceTitle "EXT 2024"]
[Source "ChessBase"]
[SourceDate "2023.10.10"]
[SourceVersion "1"]
[SourceVersionDate "2023.10.10"]
[SourceQuality "1"]

1. d4 d5 2. c4 c6 3. e3 Nf6 4. Nf3 Bg4 5. Be2 Nbd7 6. Nc3 e6 7. 0-0 Bd6 8. c5 Bc7 9. b4 b5 10. cxb6 axb6 11. Bb2 0-0 12. b5 c5 13. Re1 c4 14. a4 Re8 15. Ng5 Bxe2 16. Rxe2 Bxh2+ 17. Kxh2 Ng4+ 18. Kg1 Qxg5 19. f3 Ngf6 20. Ba3 h5 21. Bd6 h4 22. Raa2 Nh5 23. Qe1 Ng3 24. Rf2 f5 25. Bxg3 hxg3 26. Rfc2 Qh4 27. f4 Qh2+ 28. Kf1 Qh1+ 29. Ke2 Qxg2+ 30. Kd1 Qf3+ 31. Kc1 Nf6 32. Rg2 Nh5 33. Qe2 Qxe2 34. Nxe2 Ra5 35. Kb2 Kf7 36. Kc3 Kf6 37. Nxg3 Nxg3 38. Rxg3 Rh8 39. Kb4 Rh1 40. Rgg2 Rb1+ 41. Kc3 Rb3+ 42. Kc2 Rb4 43. Kc1 Rbxa4 44. Rxa4 Rxa4 45. Rb2 Ra3 46. Kd1 Rxe3 47. Kc1 Re4 48. Ra2 Rxd4 49. Ra6 Rxf4 50. Rxb6 Rf3 51. Ra6 Rb3 52. b6 f4 53. Kc2 f3 54. Kd2 c3+ 55. Kc2 Rb5 56. Kxc3 g5 57. Kd2 g4 58. Ke3 Kf5 59. Kf2 Rb2+ 60. Kf1 g3 61. Ke1 g2 62. b7 g1Q# 0-1

[Event "Alta Padovana op-B 5th"]
[Site "Loreggia"]
[Date "2005.02.25"]
[Round "1"]
[White "De Vries, Bernhard"]
[Black "Dal Maschio, Costantino"]
[Result "0-1"]
[WhiteElo "1604"]
[BlackElo "1844"]
[PlyCount "78"]
[EventDate "2005.02.25"]
[EventType "swiss"]
[EventRounds "5"]
[EventCountry "ITA"]
[SourceTitle "EXT 2024"]
[Source "ChessBase"]
[SourceDate "2023.10.10"]
[SourceVersion "1"]
[SourceVersionDate "2023.10.10"]
[SourceQuality "1"]

1. d4 Nf6 2. c4 g6 3. Nc3 d5 4. cxd5 Nxd5 5. e4 Nxc3 6. bxc3 Bg7 7. Nf3 0-0 8. Bc4 c5 9. 0-0 Qc7 10. Qb3 e6 11. Be3 Nc6 12. Be2 Na5 13. Qc2 cxd4 14. Bxd4 e5 15. Be3 Be6 16. Ng5 Bc4 17. Rac1 b6 18. Rfe1 Bxe2 19. Qxe2 Nc4 20. Nf3 Rfd8 21. Nd2 Nb2 22. Rc2 Nd3 23. Rd1 Rd7 24. Nb3 Rad8 25. g3 Nf4 26. gxf4 Rxd1+ 27. Kg2 R1d7 28. Kf3 exf4 29. Bxf4 Rd3+ 30. Be3 Rxc3 31. Rxc3 Qxc3 32. Kg2 Qd3 33. Qf3 Re8 34. Nd2 Bc3 35. Qf4 Bxd2 36. Bxd2 Qxe4+ 37. Qf3 Qxf3+ 38. Kxf3 Rc8 39. Ke2 Rc2 0-1

[Event "Veneto-ch qf 63rd"]
[Site "Arqua Petrarca"]
[Date "2003.05.11"]
[Round "5.27"]
[White "De Vries, Bernhard"]
[Black "Gallo, Carlo"]
[Result "0-1"]
[WhiteElo "1434"]
[BlackElo "1678"]
[PlyCount "90"]
[EventDate "2003.05.03"]
[EventType "swiss"]
[EventRounds "6"]
[EventCountry "ITA"]
[SourceTitle "EXT 2024"]
[Source "ChessBase"]
[SourceDate "2023.10.10"]
[SourceVersion "1"]
[SourceVersionDate "2023.10.10"]
[SourceQuality "1"]

1. d4 d6 2. c4 Nd7 3. Nf3 Ngf6 4. Nc3 e5 5. Bg5 Be7 6. e3 c6 7. Bd3 Qc7 8. 0-0 0-0 9. Rc1 Re8 10. Qc2 Nf8 11. h3 h6 12. Bh4 Nh5 13. Bxe7 Qxe7 14. d5 c5 15. g4 Nf6 16. Ne4 h5 17. Nxf6+ Qxf6 18. Bf5 hxg4 19. hxg4 g6 20. Bxc8 Qxf3 21. Bxb7 Qxg4+ 22. Kh2 e4 23. Rg1 Qh5+ 24. Kg2 Rab8 25. Bc6 Re5 26. Kf1 Nh7 27. b3 Ng5 28. Bd7 Nf3 29. Bg4 Nh2+ 30. Ke1 Nxg4 31. Qe2 f5 32. Kd2 Qg5 33. Rg3 Qf6 34. Rcg1 Re7 35. Kc2 a5 36. a4 Reb7 37. Rb1 Rh7 38. Rbg1 Rh2 39. Rf1 Kf7 40. Qd2 Qd8 41. Rgg1 Qb6 42. Qc3 Nxf2 43. Kc1 Nd3+ 44. Kd1 Qxb3+ 45. Qxb3 Rxb3 0-1

[Event "Veneto-ch qf 63rd"]
[Site "Arqua Petrarca"]
[Date "2003.05.11"]
[Round "6.31"]
[White "Fabiano, Manuel"]
[Black "De Vries, Bernhard"]
[Result "0-1"]
[WhiteElo "1600"]
[BlackElo "1434"]
[PlyCount "72"]
[EventDate "2003.05.03"]
[EventType "swiss"]
[EventRounds "6"]
[EventCountry "ITA"]
[SourceTitle "EXT 2024"]
[Source "ChessBase"]
[SourceDate "2023.10.10"]
[SourceVersion "1"]
[SourceVersionDate "2023.10.10"]
[SourceQuality "1"]

1. d4 d5 2. Nf3 Nf6 3. Bf4 e6 4. e3 Nbd7 5. Bd3 c5 6. c3 cxd4 7. exd4 Be7 8. Nbd2 0-0 9. Qe2 Re8 10. Ne5 Nf8 11. Ndf3 N6d7 12. Nxd7 Bxd7 13. Ne5 a6 14. Qe3 g6 15. Qf3 f5 16. h4 Bxh4 17. g3 Bf6 18. Kd2 Re7 19. g4 fxg4 20. Nxg4 Bg7 21. Nh6+ Bxh6 22. Bxh6 Rf7 23. Qe3 Qf6 24. f4 Qd8 25. Rae1 Qb6 26. Kc2 Bb5 27. Rh2 Bxd3+ 28. Qxd3 Qc7 29. Qe3 Re8 30. Bxf8 Rfxf8 31. Qh3 Qf7 32. Qh6 Qg7 33. Qh3 Rf5 34. Qe3 Qf7 35. Rh4 Qf6 36. Reh1 Re7 0-1

[Event "Padova op-A 5th"]
[Site "Padova"]
[Date "2002.12.14"]
[Round "1.35"]
[White "Guastadini, Paolo"]
[Black "De Vries, Bernhard"]
[Result "1-0"]
[WhiteElo "1723"]
[BlackElo "1500"]
[PlyCount "117"]
[EventDate "2002.12.14"]
[EventType "swiss"]
[EventRounds "6"]
[EventCountry "ITA"]
[SourceTitle "EXT 2023"]
[Source "ChessBase"]
[SourceDate "2022.10.05"]
[SourceVersion "1"]
[SourceVersionDate "2022.10.05"]
[SourceQuality "1"]

1. Nf3 d5 2. c4 c6 3. d4 Nf6 4. Nc3 h6 5. h3 dxc4 6. a4 Be6 7. e3 Bd5 8. Ne5 Nbd7 9. Nxc4 e6 10. Qc2 Bb4 11. Bd2 0-0 12. Rc1 Rc8 13. Qb3 Bxc3 14. bxc3 Rb8 15. Qa3 Ne4 16. Nb2 Qf6 17. Nd3 Nb6 18. Nf4 Bc4 19. a5 Bxf1 20. axb6 Ba6 21. bxa7 Ra8 22. c4 Nxd2 23. Kxd2 Rxa7 24. Qc5 Rfa8 25. Ra1 Qg5 26. Kc3 Qxc5 27. dxc5 Rd8 28. Rhd1 Raa8 29. Rxd8+ Rxd8 30. Nd3 Kf8 31. Nb4 Ra8 32. Nxa6 bxa6 33. Kb4 Ke7 34. Ka5 Kd7 35. Rb1 Kc7 36. Rb6 g5 37. Rxa6 Rxa6+ 38. Kxa6 h5 39. g3 f5 40. Ka7 e5 41. Ka6 e4 42. h4 g4 43. Ka7 Kc8 44. Kb6 Kd7 45. Kb7 Kd8 46. Kxc6 Kc8 47. Kd6 Kd8 48. Ke6 Kc7 49. Kxf5 Kc6 50. Kxe4 Kxc5 51. f4 gxf3 52. Kxf3 Kxc4 53. g4 hxg4+ 54. Kxg4 Kd5 55. Kf5 Kd6 56. e4 Ke7 57. Ke5 Kf7 58. Kd6 Kg6 59. e5 1-0